Honování.

Uložené v:
Podrobná bibliografia
Hlavný autor: Outrata, Jiří
Médium: Kniha
Jazyk:Slovak
Vydané: 1963.
Tagy: Pridať tag
Žiadne tagy, Buďte prvý kto otaguje tento záznam!

MARC

LEADER 00000nam a22000004a 4500
001 000534310
005 20170309163927.0
008 170309s1963 xo e 000 0 slo d
040 |a SVKKK  |b slo  |c SVKKK  |e AACR2 
100 1 |a Outrata, Jiří 
245 1 0 |a Honování. 
260 |c 1963. 
500 |a Záznam revízie 
910 |a svkkk 
998 |a BK 
090 |g SCKHL  |k Sklad Hlavná 10 suterén  |a I.23737  |j 318731  |i 2720424068  |s Absenčne 
090 |g SCKHL  |k Sklad Pribinova prízemie  |a I0.1066  |j 012543  |i 2720422798  |s Absenčne